Регионална библиотека "Любен Каравелов" - Русе

20 невероятни момчета, които промениха света (Запис номер 475160)

MARC детайли
000 -Лидер
Контролно поле с фиксирана дължина 02086nam a2200433 a 4500
003 - Код на организацията, давaща контролен номер
Контролно поле BLK
005 - Дата и час на последна редакция
Контролно поле 20250531110409.0
008 - Елементи от данни с фиксирана дължина
fixed length control field 180411b bul|||||r ||||||| ||bul||
020 ## - Международен стандартен номер на книга ISBN
Международен стандартен номер на книга ISBN 9786192401399
040 ## - Източник на каталожния запис
Идентификатор на билиотеката - собственик на записа BLK
041 ## - Код за език
Код за езика на текст/звукозапис или на отделно заглавие Български
Код за езика КДБФ Български
080 ## - УДК
Текстов определител УДК Наука. Наукознание. Организация на умствения труд
УДК код - определител по УДК 001
УДК - код + определител 001
080 ## - УДК
Текстов определител УДК Цивилизация. Култура. Прогрес. История на културата вж 930.85
УДК код - определител по УДК 008
УДК - код + определител 008
080 ## - УДК
Текстов определител УДК Изобретения и открития. Изобретателство. Рационализации. Патенти. Промишлени образци. Вж и 347.77
УДК код - определител по УДК 001.894
УДК - код + определител 001.894
100 ## - Редна дума - Автор
R(LIN) 481485
Автор Оливиери, Джакопо
Авторска отговорност първи автор
139 ## - Редно поле
Редна дума Оливиери, Джакопо и др.
Авторски знак Оли - О 50
245 10 - Сведения за заглавието
Заглавие 20 невероятни момчета, които промениха света
Редно поле (дума) Джакопо Оливиери, Розалба Трояно ; ил. Джовани Абей и др. ; прев. Корнелия Лозанова.
257 ## - Страна на издаване
Страна на създаване/издаване Италия
260 ## - Област на издателските данни
Място на издаване, разпространение и проч. София
Име на издателя, разпространителя и проч. ПАН
Година на издаване [2022]
9 (RLIN) 209558
Издателство - префикс ISBN 978-954-660- ; 978-954-657-
300 ## - Физическа характеристика
Страници 88 с.
Илюстрации и др. с ил.
Размери/Мащаб 27 см
380 ## - Жанр
Жанр Детска отраслова лит.
490 ## - СЕРИИ (Колекции)
9 (RLIN) 481444
Име на серия Удивителни истории
650 #0 - Допълнително описание по предмет – тема
Основно описание – тема или топоним Научни открития - история
9 (RLIN) 244174
650 #0 - Допълнително описание по предмет – тема
Основно описание – тема или топоним Изобретения - история
9 (RLIN) 244564
653 ## - Ключова дума – ненормативна
Ключова дума нови технологии
653 #7 - Ключова дума – ненормативна
Ключова дума изобретения
9 (RLIN) 187398
653 #7 - Ключова дума – ненормативна
Ключова дума наука
9 (RLIN) 191821
653 #7 - Ключова дума – ненормативна
Ключова дума култура
9 (RLIN) 189538
653 #7 - Ключова дума – ненормативна
Ключова дума откриватели
9 (RLIN) 193086
653 #7 - Ключова дума – ненормативна
Ключова дума учени
9 (RLIN) 199120
653 #7 - Ключова дума – ненормативна
Ключова дума изследователи
9 (RLIN) 187419
653 #7 - Ключова дума – ненормативна
Ключова дума спортисти
9 (RLIN) 197151
653 #7 - Ключова дума – ненормативна
Ключова дума мъже
9 (RLIN) 186584
700 ## - Други автори (авторска отговорност)
Лично име Трояно, Розалба
Автороска отговорност (Описва отношението между автора и произведението) съавт.
9 (RLIN) 1445
700 ## - Други автори (авторска отговорност)
Лично име Лозанова, Корнелия Иванова
9 (RLIN) 367357
852 ## - Местоположение
Фондова буква Детски отдел
Систематично-азбучна сигнатура 0/О-50 Д
999 ## - СИСТЕМНИ КОНТРОЛНИ НОМЕРА
Koha biblionumber 475160
Koha biblioitemnumber 475160
942 ## - АРТИКУЛИ
Вид на библиотечния материал Книги
Скрит в OPAC Не
Периодичен библиозапис Да
Koha issues (borrowed), all copies 17
944 ## - СЪЗДАВАНЕ И РЕДАКЦИЯ на ЗАПИСА
Създаване/Редакция Създаване
Дата на регистрацията/редакция 2022-10-06
Служител, извършил регистрацията/редакцията 30564
Статус, дата на статуса Анна Гръцманова
Наличности
Код за отписване Код за изгубен артикул Източник на класификационната схема Код за повреда Коз за рестрикции Код за отдаване Артикулен № Име на библиотеката - собственик Име на библиотеката, в която се намира в момента Статус (Текущо местоположение) Дата на вписване в системата Местоположение - отдел Цена в лева Систематично азбучна сигнатура Баркод Цена в евро Служебен тип на артикула
  Не е изгубен Universal Decimal Classification Не е повреден без рестрикции заемане за дома 907108 Регионална библиотека "Любен Каравелов" Русе Регионална библиотека "Любен Каравелов" Русе Детски отдел 2022-10-07 Детски отдел 14.17 ДН 0/О-50 Д 120000878139 7.25 Книги
  Не е изгубен Universal Decimal Classification Не е повреден без рестрикции заемане за дома 907109 Регионална библиотека "Любен Каравелов" Русе Регионална библиотека "Любен Каравелов" Русе Детски отдел 2022-10-07 Детски отдел 14.17 ДН 0/О-50 Д 120000878140 7.25 Книги
Vip Innovations Ltd, Rousse, Bulgaria 2025